ਸਮਕਾਲੀ ਗਲਪ-ਦ੍ਰਿਸ਼ਟੀ / (Record no. 110391)

MARC details
000 -LEADER
fixed length control field 01165nam a22002657a 4500
005 - DATE AND TIME OF LATEST TRANSACTION
control field 20170123164152.0
010 ## - LIBRARY OF CONGRESS CONTROL NUMBER
LC control number B-094896
020 ## - INTERNATIONAL STANDARD BOOK NUMBER
Terms of availability 100.00
International Standard Book Number 8171433715
035 ## - SYSTEM CONTROL NUMBER
System control number B-094896
037 ## - SOURCE OF ACQUISITION
Source of stock number/acquisition Cen Lib / Ret
040 ## - CATALOGING SOURCE
Original cataloging agency DPL
Language of cataloging PN
082 ## - DEWEY DECIMAL CLASSIFICATION NUMBER
Classification number 850.8
Item number ਸੰਧੂਰੁ
100 ## - MAIN ENTRY--PERSONAL NAME
Personal name ਸੰਧੂ, ਰੁਪਿੰਦਰਪਾਲ ਸਿੰਘ
9 (RLIN) 84796
245 ## - TITLE STATEMENT
Title ਸਮਕਾਲੀ ਗਲਪ-ਦ੍ਰਿਸ਼ਟੀ /
Statement of responsibility, etc ਰੁਪਿੰਦੇਰਪਾਲ ਸਿੰਘ ਸੰਧੂ
246 ## - VARYING FORM OF TITLE
Title proper/short title Samkaali galap drishti /
Remainder of title by Rupinderpal Singh Sandhu
260 ## - PUBLICATION, DISTRIBUTION, ETC. (IMPRINT)
Place of publication, distribution, etc ਅੰਮ੍ਰਿਤਸਰ
Name of publisher, distributor, etc ਰਾਵੀ ਸਾਹਿਤ ਪ੍ਰਕਾਸ਼ਨ
Date of publication, distribution, etc 2004
270 ## - ADDRESS
Address ਹਾਲ ਬਾਜ਼ਾਰ
City ਅੰਮ੍ਰਿਤਸਰ
300 ## - PHYSICAL DESCRIPTION
Extent 80p.
Dimensions 21cm(pbk)
650 ## - SUBJECT ADDED ENTRY--TOPICAL TERM
Topical term or geographic name as entry element ਪੰਜਾਬੀ ਸਾਹਿਤ
9 (RLIN) 128492
650 ## - SUBJECT ADDED ENTRY--TOPICAL TERM
Topical term or geographic name as entry element ਪੰਜਾਬੀ ਕਹਾਣੀਆਂ
9 (RLIN) 128493
650 ## - SUBJECT ADDED ENTRY--TOPICAL TERM
Topical term or geographic name as entry element ਪੰਜਾਬੀ - ਸਾਹਿਤ
9 (RLIN) 128494
650 ## - SUBJECT ADDED ENTRY--TOPICAL TERM
Topical term or geographic name as entry element Punjabi Literature -- criticism
9 (RLIN) 7006
650 ## - SUBJECT ADDED ENTRY--TOPICAL TERM
Topical term or geographic name as entry element ਪੰਜਾਬੀ ਸਾਹਿਤ -- ਆਲੋਚਨਾ
9 (RLIN) 128495
942 ## - ADDED ENTRY ELEMENTS (KOHA)
Source of classification or shelving scheme Dewey Decimal Classification
Koha item type Punjabi Bks
Classification part 850.8
Call number suffix ਸੰਧੂਰੁ
Holdings
Withdrawn status Lost status Damaged status Not for loan Home library Current library Date acquired Source of acquisition Cost, normal purchase price Total Checkouts Full call number Barcode Date last seen Copy number Cost, replacement price Price effective from Koha item type
        Central Library Central Library 21/01/2016 Cen Lib/Ret 100.00   850.8 ਸੰਧੂਰੁ B-094896 21/01/2016 1 100.00 21/01/2016 Punjabi Bks

© Delhi Public Library
Hit Counter
free hit counter